000 00567nam a2200169 a 4500
001 ASINB006DGJPLA
005 20190522121251.0
008 130327s2003 xxu eng d
020 _a0349116652 (paperback)
020 _a9780349116655 (paperback)
100 1 _aSmith, Alexander McCall.
245 1 0 _aTears of the giraffe /
_cAlexander McCall Smith.
300 _a1 v. (unpaged)
490 1 _aNo.1 ladies' detective agency.
830 0 _aNo.1 ladies' detective agency.
856 4 0 _3Amazon.com
_uhttp://www.amazon.com/exec/obidos/ASIN/B006DGJPLA/chopaconline-20
999 _c3789
_d3789